Sports Quiz

Random Sports or NFL Quiz

Pro Football Hall of Fame Finalists (1990-1999) Quiz Stats

 Plays Quiz not verified by Sporcle

Score 0/150 Timer 08:00
0 Plays Today
Hint Answer % Correct
1993Jackie Smith
83%
1994JACKIE SMITH
83%
1990Lynn Swann
82%
1991Lynn Swann
82%
1992Lynn Swann
82%
1993Lynn Swann
82%
1994Lynn Swann
82%
1995Lynn Swann
82%
1996Lynn Swann
82%
1997Lynn Swann
82%
1998Lynn Swann
82%
1999Lynn Swann
82%
1991STAN JONES
79%
1994JIMMY JOHNSON
78%
1994RANDY WHITE
78%
1999LAWRENCE TAYLOR
78%
1990Ken Stabler
77%
1991Ken Stabler
77%
1992Ray Guy
76%
1993WALTER PAYTON
76%
1993Kellen Winslow
76%
1994John Stallworth
76%
1994Kellen Winslow
76%
1995Ray Guy
76%
1995KELLEN WINSLOW
76%
1996John Stallworth
76%
1997Ray Guy
76%
1997John Stallworth
76%
1998John Stallworth
76%
1999Ray Guy
76%
1999John Stallworth
76%
1990FRANCO HARRIS
75%
1998George Allen
75%
1999George Allen
75%
1993DAN FOUTS
74%
1997DON SHULA
74%
1999ERIC DICKERSON
74%
1996Ken Anderson
73%
1998Ken Anderson
73%
1990JACK LAMBERT
72%
1994TONY DORSETT
72%
1990Al Davis
71%
1990TOM LANDRY
71%
1991Al Davis
71%
1992AL DAVIS
71%
1996Mike Webster
71%
1997MIKE WEBSTER
71%
1995STEVE LARGENT
70%
1998ANTHONY MUNOZ
70%
1991Bob Brown
68%
Hint Answer % Correct
1992Bob Brown
68%
1993Bob Brown
68%
1991EARL CAMPBELL
67%
1998MIKE SINGLETARY
65%
1990Larry Little
64%
1991John Riggins
64%
1992JOHN RIGGINS
64%
1993LARRY LITTLE
64%
1993CHUCK NOLL
64%
1995Mike Haynes
64%
1996Mike Haynes
64%
1997MIKE HAYNES
64%
1999Howie Long
64%
1992Charlie Joiner
62%
1993Charlie Joiner
62%
1994Charlie Joiner
62%
1995Charlie Joiner
62%
1996CHARLIE JOINER
62%
1997Ozzie Newsome
62%
1998Ozzie Newsome
62%
1999OZZIE NEWSOME
62%
1994LEROY KELLY
61%
1992Wellington Mara
60%
1992Bill Walsh
60%
1993BILL WALSH
60%
1997WELLINGTON MARA
60%
1991JAN STENERUD
59%
1992Tom Mack
58%
1993Tom Mack
58%
1994Tom Mack
58%
1995Tom Mack
58%
1996Tom Mack
58%
1997Tom Mack
58%
1998Tom Mack
58%
1999TOM MACK
58%
1990BOB GRIESE
57%
1991Carl Eller
57%
1992Carl Eller
57%
1993Carl Eller
57%
1994Carl Eller
57%
1995Carl Eller
57%
1996Carl Eller
57%
1997Carl Eller
57%
1998Carl Eller
57%
1999Carl Eller
57%
1990John Mackey
56%
1991JOHN HANNAH
56%
1991John Mackey
56%
1992JOHN MACKEY
56%
1990Jack Youngblood
55%
Hint Answer % Correct
1991Jack Youngblood
55%
1996Jack Youngblood
55%
1997Jack Youngblood
55%
1998Jack Youngblood
55%
1999Jack Youngblood
55%
1990TED HENDRICKS
54%
1993Dwight Stephenson
53%
1995LEE ROY SELMON
53%
1995Dwight Stephenson
53%
1996JOE GIBBS
53%
1996Dwight Stephenson
53%
1997Dwight Stephenson
53%
1998Dan Rooney
53%
1998DWIGHT STEPHENSON
53%
1999Dan Rooney
53%
1991L.C. Greenwood
49%
1992Bud Grant
49%
1994BUD GRANT
49%
1994Paul Krause
49%
1995L.C. Greenwood
49%
1996L.C. Greenwood
49%
1997Jerry Kramer
49%
1997Paul Krause
49%
1998PAUL KRAUSE
49%
1993Mel Renfro
48%
1994Mel Renfro
48%
1995Mel Renfro
48%
1996MEL RENFRO
48%
1990Ron Yary
47%
1997Ron Yary
47%
1998Ron Yary
47%
1999Marv Levy
47%
1999Ron Yary
47%
1990BUCK BUCHANAN
46%
1990Dan Dierdorf
46%
1992Dan Dierdorf
46%
1994Dan Dierdorf
46%
1995Dan Dierdorf
46%
1996DAN DIERDORF
46%
1999BILLY SHAW
46%
1991Lem Barney
45%
1991TEX SCHRAMM
45%
1992LEM BARNEY
45%
1990BOB ST. CLAIR
42%
1995HENRY JORDAN
41%
1998TOMMY McDONALD
41%
1995JIM FINKS
40%
1996LOU CREEKMUR
38%
1993Dick Stanfel
34%
1992Willie Galimore
33%

You're not logged in!

Compare scores with friends on all Sporcle quizzes.
OR
Log In

Show Comments

Extras

Top Quizzes Today


Score Distribution

Your Account Isn't Verified!

In order to create a playlist on Sporcle, you need to verify the email address you used during registration. Go to your Sporcle Settings to finish the process.

Report this User

Report this user for behavior that violates our Community Guidelines.

Details: